000 00395nam a22001697a 4500
003 koha_MIRAKIL
005 20241017153722.0
008 231213b |||||||| |||| 00| 0 ||| d
040 _aTR-IsEVY
_btur
_cTR-IsEVY
082 _a513.2 MAT/E
100 _aMATTERN, JOANNE.
245 0 _aEVEN OR ODD.
260 _bRourke,
_c2011
300 _a24.
650 _aİngiliz Dili.
942 _2ddc
_cBK
999 _c5558
_d5558